[Event "Cappelle Online Blitz op 1st"]
[Site "Europe Echecs INT"]
[Date "2021.01.10"]
[Round "3"]
[White "Mareau, Timothe"]
[Black "Pajak, Jakub Lech"]
[Result "1-0"]
[WhiteElo "1603"]
[BlackElo "1950"]
[PlyCount "163"]
[EventDate "2021.01.10"]
[EventType "swiss (blitz)"]
[EventRounds "11"]
[EventCountry "FRA"]
[SourceTitle "CBM 200 Extra"]
[Source "ChessBase"]
[SourceDate "2021.03.31"]
[SourceVersion "1"]
[SourceVersionDate "2021.03.31"]
[SourceQuality "1"]

1. e4 g6 2. d4 Bg7 3. Nc3 c5 4. Be3 cxd4 5. Bxd4 Nf6 6. Bc4 Nc6 7. Be3 0-0 8. Nge2 d6 9. h3 a6 10. a4 Bd7 11. 0-0 Ne5 12. Bb3 b5 13. a5 Nc6 14. Nf4 Nxa5 15. Nfd5 Nxd5 16. Nxd5 Nxb3 17. cxb3 Be6 18. Bb6 Qd7 19. Bd4 Bxd5 20. Bxg7 Kxg7 21. Qxd5 Rfc8 22. f4 Qc6 23. Qd4+ f6 24. Rac1 Qxc1 25. Rxc1 Rxc1+ 26. Kh2 Rac8 27. e5 dxe5 28. fxe5 R8c7 29. e6 R1c6 30. Qd8 Kh6 31. Qf8+ Kg5 32. Qf7 h5 33. h4+ Kf5 34. Qe8 Rxe6 35. Qa8 Rcc6 36. Qa7 Red6 37. Qxe7 Rd2 38. Qe3 Rcc2 39. Qf3+ Ke5 40. Qe3+ Kd5 41. Qf3+ Kc5 42. Qxf6 Rxg2+ 43. Kh1 Rxb2 44. Qc3+ Kd5 45. Qd3+ Ke5 46. Qe3+ Kf5 47. Qf3+ Ke6 48. Qe3+ Kd6 49. Qd3+ Kc6 50. Qc3+ Kb6 51. b4 Rgc2 52. Qf6+ Kc7 53. Qe7+ Kb8 54. Qd8+ Rc8 55. Qd6+ Rc7 56. Qd8+ Kb7 57. Qd5+ Kc8 58. Qa8+ Kd7 59. Qd5+ Kc8 60. Qa8+ Kd7 61. Qd5+ Ke7 62. Qe5+ Kf8 63. Qxb2 Rc4 64. Qf6+ Ke8 65. Qxg6+ Kd7 66. Qxa6 Rxh4+ 67. Kg2 Rxb4 68. Qa7+ Kc6 69. Qa6+ Kc5 70. Qa3 h4 71. Kh3 Kc4 72. Qa2+ Rb3+ 73. Kxh4 b4 74. Qe2+ Kc3 75. Kg5 Rb2 76. Qe5+ Kc2 77. Qc5+ Kb1 78. Kf4 b3 79. Ke3 Rc2 80. Qb4 b2 81. Kd3 Kc1 82. Qe1# 1-0